| 000 | 00390 a2200145 4500 | ||
|---|---|---|---|
| 005 | 20250621110802.0 | ||
| 020 | _a0-256-03640-3 | ||
| 082 | _a658.848 CAT | ||
| 100 | _aCATEORA, P. R. | ||
| 245 | _aInternational Marketing | ||
| 250 | _a6th Ed. | ||
| 260 |
_aHomewood, _bIrwin, _c1987. |
||
| 300 |
_axvii, 839p.: ill.; table, figure, chart, _bBibliography & index _c24cm. |
||
| 942 |
_2ddc _cBKS |
||
| 999 |
_c816 _d816 |
||